02912nam a2200337 i 4500003001000000005001700010007000300027008004100030020002400071020002700095040003500122041001300157082000800170100002800178245018900206246009400395250001900489264009900508300005400607336002700661337001500688338001200703505083900715520084401554650002602398650002602424650003102450700003502481700002602516700003202542CO-MdUADB20251217072704.0ta251209s2025 ck d|||fr|||| 00| 0dspa d a9585058081qISBN-10 a9789585058088qISBN-13 aCO-MdUADBbspacCO-MdUADBerda1 aspahger74a5411 aJob, Georg,d1936-eaut10aTermodinámica química :buna introducción con un nuevo concepto y numerosos experimentos /cGeorg Job y Regina Rüffler ; traducción de Aminta Mendoza B. y Octavio Guzmán B.11aPhysikalische Chemie :bEine Einführung nach neuem Konzept mit zahlreichen Experimenten a1.ª edición 1aBogotá:bUniversidad Nacional de Colombia, Editorial Universidad Nacional de Colombia,c2025 axvii, 413 páginas :bilustraciones, gráficas. 2rdacontentatextobtxt ano mediado avolumen20t1. Introducción y primeros conceptos básicos --t2. Energía --t3. Entropía y temperatura --t4. Potencial químico --t5. Influencia de la temperatura y la presión sobre las transformaciones de sustancias --t6. Acción de masas y dependencia del potencial químico con la concentración --t7. Consecuencias de la acción de masas: reacciones ácido-base --t8. Efectos secundarios de las transformaciones de sustancias --t9. Relaciones cruzadas --t10. Gases diluidos desde el punto de vista de la cinética molecular --t11. Transición a sustancias con mayor densidad --t12. Flujo de sustancias --t13. Mezclas homogéneas y heterogéneas --t14. Sistemas de dos componentes --t15. Fenómenos interfaciales --tApéndice --tA1. Fundamentos de las matemáticas --tA2. Tabla de pontenciales químicos.3 aMuchos estudiantes perciben la termodinámica química como una disciplina abstracta y desconectada de la vida cotidiana. Este libro, basado en un enfoque didáctico innovador, busca cambiar esa percepción. Los autores presentan una introducción clra y accesible a las dos magnitudes fundamentales de esta rama de la fisicoquímica: la entropía y, especialmente, el potencial químico. Las consideraciones teóricas se integran con experiencias cotidianas en más de ochenta experimentos demostrativos, muchos de los cuales están disponibles en línea en formato video. Diseñado principalmente para estudiantes de primer año de universidad, el texto requiere únicamente conocimientos matemáticos básicos, convirtiéndose en una puerta de entrada a esta fascinante área de la química. (Tomado de la cubierta).17aTermodinámica2lemb17aFisicoquímica2lemb27aCinética química2lemb1 aRüffler, Regina,d1957-eaut1 aMendoza, Aminta,etrl1 aGuzmán B., Octavio, etrl